Κατάλογος Βιβλιοθηκών Mediterranean College

CIVIL ENGINEERING HYDRAULICS (Record no. 7672)

MARC details
000 -LEADER
fixed length control field 00874cam a22002294a 4500
005 - ΗΜΕΡΟΜΗΝΙΑ ΚΑΙ ΩΡΑ ΤΕΛΕΥΤΑΙΑΣ ΕΝΗΜΕΡΩΣΗΣ
Πεδίο ελέγχου 20250605164314.0
008 - FIXED-LENGTH DATA ELEMENTS--GENERAL INFORMATION
Πεδίο ελέγχου σταθερού μήκους 250528s ||||||||||||||||||||||||d
035 ## - SYSTEM CONTROL NUMBER
System control number 22624
020 ## - ISBN
ISBN 9780632055142
040 ## - ΠΗΓΗ ΚΑΤΑΛΟΓΟΓΡΑΦΗΣΗΣ
Φορέας πρωτότυπης καταλογογράφησης MC Athens Campus Library
Γλώσσα καταλογογράφησης Ελληνικά, Μοντέρνα (1453-)
Modifying agency MC Athens Campus Library
Κανόνες περιγραφικής καταλογογράφησης AACR2
245 1# - ΤΙΤΛΟΣ ΚΑΙ ΔΗΛΩΣΗ ΥΠΕΥΘΥΝΟΤΗΤΑΣ
Τίτλος CIVIL ENGINEERING HYDRAULICS
250 ## - EDITION STATEMENT
Edition statement 4
260 ## - PUBLICATION, DISTRIBUTION, ETC.
Name of publisher, distributor, etc. Blackwell,
Date of publication, distribution, etc. 2001
300 ## - PHYSICAL DESCRIPTION
Extent 430
505 0# - FORMATTED CONTENTS NOTE
Formatted contents note PROPERTIES OF FLUIDS FLUIDS STATICS FLUID FLOW CONCEPTS AND MEASUREMENTS FLOW OF INCOMPRESSIBLE FLUIDS IN PIPELINES PIPE NETWORK ANALYSIS PUMP-PIPELINE SYSTEM ANALYSIS AND DESIGN
520 ## - SUMMARY, ETC.
Summary, etc. PROPERTIES OF FLUIDS FLUIDS STATICS FLUID FLOW CONCEPTS AND MEASUREMENTS FLOW OF INCOMPRESSIBLE FLUIDS IN PIPELINES PIPE NETWORK ANALYSIS PUMP-PIPELINE SYSTEM ANALYSIS AND DESIGN
700 1# - ΠΡΟΣΘΕΤΗ ΑΝΑΓΡΑΦΗ--ΦΥΣΙΚΟ ΠΡΟΣΩΠΟ
Personal name Nalluri C
9 (RLIN) 8383
710 2# - ΠΡΟΣΘΕΤΗ ΑΝΑΓΡΑΦΗ--ΣΥΛΛΟΓΙΚΟ ΟΡΓΑΝΟ
Corporate name or jurisdiction name as entry element Featherstone R.E
9 (RLIN) 9812
942 ## - ADDED ENTRY ELEMENTS (KOHA)
Koha item type Books
Holdings
Τύπος τεκμηρίου Βιβλιοθήκη Τρέχουσα τοποθεσία Barcode Αριθμός εισαγωγής Ημερομηνία απόκτησης Ταξιθετικό σύμβολο Αριθμός αντιτύπου Κατάσταση απόσυρσης Κατάσταση χαμένου Κατάσταση κατεστραμμένου Μη δανεισμός Σύνολο δανεισμών Ημερομηνία τελευταίας εμφάνισης Η τιμή ισχύει από
Books MC Thessaloniki Campus Library MC Thessaloniki Campus Library 9780000076717 12 05/06/2025 627 FEA 1           05/06/2025 05/06/2025

MC Athens Campus Library
Πατησίων 94 & Κοδριγκτώνος 13, 104 34
Πελλήνης 8 & Πατησίων 107, 112 51
Τ: +30 210 8899600

MC Thessaloniki Campus Library
Ίωνος Δραγούμη 21, 54625 | Ίωνος Δραγούμη 15, 54625
Τ: +30 2310 287779 – Τ: +30 2314 440300